| 000 | 01143nam a22002777i 4500 | ||
|---|---|---|---|
| 999 |
_c23152 _d23152 |
||
| 003 | AR-CdUCM | ||
| 008 | 241213b20222022 pe||||| |||| 00| 0 spa d | ||
| 020 | _a978-612-00-8032-0 | ||
| 040 |
_aMUNICIPALIDAD PROVINCIAL DEL CUSCO _cBIBLIOTECA MUNICIPAL DEL CUSCO |
||
| 041 | _hspa | ||
| 082 |
_a726.6098561 / CH51 _bCH51 |
||
| 100 |
_aChacón Rosasco, Cesar _924238 |
||
| 245 |
_aLa Catedral del Cusco y la Iglesia de la Compañía de Jesús : _bLa Iglesia de la Sagrada Familia, la Iglesia del Triunfo y la pintura cusqueña / |
||
| 260 |
_aLima : _c2022 |
||
| 300 |
_a67 páginas. : _c25 cm. |
||
| 505 | _aLa Catedral del Cusco -- Capilla de la Virgen de los Remedios -- Altar de la Santísima Trinidad -- Altar del señor de Unupuncu --Capilla de la Virgen la Linda -- Retablo de la Virgen del Carmen -- Retablo del Señor del Calvario | ||
| 650 |
_aTallados en madera _950889 |
||
| 650 |
_aRetablos _929724 |
||
| 650 |
_aPulpitos _950890 |
||
| 650 |
_aEsculturas _913595 |
||
| 650 |
_aVírgenes _950873 |
||
| 650 |
_aTabernáculos _950891 |
||
| 650 |
_aPinturas _94997 |
||
| 942 |
_2ddc _cLIBROS |
||
| 945 |
_apbj _d13-12-2024 |
||